000 00574nam a2200193Ia 4500
005 20250326143534.0
008 250326s9999 xx 000 0 und d
020 _a0-415-32306-1
037 _aTextbook
040 _aFMSL
_beng
_cFMSL
041 _aeng
_2eng
084 _aX:8 P4
_qFMSL
100 _aCoghlan David
_923019
245 0 _aManagers learning in action : management learning research and education
_cCoghlan David And Others
260 _aLondon
_bLondon, Routledge
_c2004
300 _ax,193
942 _cTB
_hX:8 P4
999 _c1300006
_d1300006